| 000 | 00667nam a2200217Ia 4500 | ||
|---|---|---|---|
| 005 | 20221121101838.0 | ||
| 008 | 210716s2003 xx 000 0 und d | ||
| 020 | _a074604007 | ||
| 040 | _cAIMIT LIBRARY | ||
| 041 | _aeng | ||
| 082 |
_a621.395 BART _26 _bBART |
||
| 100 |
_aBartee, Thomas C. _962797 |
||
| 245 |
_aDigital computer fundamentals / _cBy Thomas C Bartee. |
||
| 250 | _a6th ed. | ||
| 260 |
_aNew Delhi : _bTata McGraw Hill Publishing Company Ltd , _c2003. |
||
| 300 |
_axii,610p. ; _c23 cm. |
||
| 650 |
_aNumber systems _962798 |
||
| 650 |
_aThe arithmetic-logic unit _962799 |
||
| 650 |
_aLogic design _962800 |
||
| 942 |
_2ddc _cBK _e6th _k621.395 BART |
||
| 999 |
_c180902 _d180902 |
||